000 01063cam a2200325 a 4500
001 3709
003 FISKH
005 20250827095551.0
008 970221s1998 caua a 000 0 eng
010 _a 97001247
020 _a0152016791
040 _aDLC
_cDLC
_dDLC
_beng
042 _alcac
050 0 0 _aG133
_b.R63 1998
082 0 0 _a910
_221
100 1 _aRockwell, Anne F.
245 1 0 _aOur earth /
_cwritten and illustrated by Anne Rockwell.
250 _aFirst Scholastic printing March, 2000
260 _aSan Diego :
_bScholastic,
_c1998.
300 _a24 unnumbered pages :
_bcolor illustrations ;
_c21 cm
505 _aN
520 _aA simple introduction to geography which explains such things as how the earth was shaped, how islands are born from volcanoes, and how gushing springs affect rivers.
521 8 _a580
_bLexile
521 8 _aN
_bRaz-Plus
650 0 _aGeography
_xJuvenile literature.
650 1 _aGeography.
906 _a7
_bcbu
_corignew
_d1
_eocip
_f19
_gy-gencatlg
942 _2ddc
_cBK
_n0
999 _c3709
_d3709